Central Library OPAC University of Rajshahi

Western civilization in the Near East / (Record no. 26475)

MARC details
000 -LEADER
fixed length control field 00753cam a2200253 i 4500
001 - CONTROL NUMBER
control field 26475
003 - CONTROL NUMBER IDENTIFIER
rucl marc code BD-RjUL
005 - DATE AND TIME OF LATEST TRANSACTION
control field 20211209051025.0
008 - FIXED-LENGTH DATA ELEMENTS--GENERAL INFORMATION
fixed length control field 810713s1936 enkb b 00100 eng d
035 ## - SYSTEM CONTROL NUMBER
System control number (BD-RjUL)26545
System control number (BD-RjUL)
040 ## - CATALOGING SOURCE
Original cataloging agency DLC
Language of cataloging eng
Transcribing agency DLC
Modifying agency BD-RjUL
041 0# - LANGUAGE CODE
Language code of text/sound track or separate title engger
082 04 - DEWEY DECIMAL CLASSIFICATION NUMBER
Classification number 915
Edition number 19
Author mark and year KOW 1936
100 1# - MAIN ENTRY--PERSONAL NAME
Personal name Kohn, Hans,
Dates associated with a name 1891-1971.
9 (RLIN) 54269
245 10 - TITLE STATEMENT
Title Western civilization in the Near East /
Statement of responsibility, etc. by Hans Kohn.
260 ## - PUBLICATION, DISTRIBUTION, ETC. (IMPRINT)
Place of publication, distribution, etc. London :
Name of publisher, distributor, etc. Routledge and Sons,
Date of publication, distribution, etc. 1936.
300 ## - PHYSICAL DESCRIPTION
Pagination xi, 329 p. :
Illustrations map ;
Size 24 cm.
504 ## - BIBLIOGRAPHY, ETC. NOTE
Bibliography, etc Bibliography: p. 307-320.
Bibliography, etc Includes index.
650 #0 - SUBJECT ADDED ENTRY--TOPICAL TERM
Topical term or geographic name as entry element Eastern question.
9 (RLIN) 81411
651 #0 - SUBJECT ADDED ENTRY--GEOGRAPHIC NAME
Geographic name Middle East
General subdivision Civilization
-- Western influences.
9 (RLIN) 81412
942 ## - ADDED ENTRY ELEMENTS (KOHA)
Source of classification or shelving scheme Dewey Decimal Classification
Koha item type Books
Holdings
Lost status Source of classification or shelving scheme Damaged status Not for loan Collection code Permanent Location Current Location Shelving location Date acquired Source of acquisition Cost, normal purchase price Total Checkouts Full call number Date last seen Copy number Koha item type
  Dewey Decimal Classification   Added to bundle Non-fiction Central Library, University of Rajshahi Central Library, University of Rajshahi Reading Room 15/11/1966 A. I. Qurashi 16.75   915 KOW 1936 22/03/2014 C-1 Books